| 000 | 01182cam a22003014a 4500 | ||
|---|---|---|---|
| 001 | 14257296 | ||
| 005 | 20250130140238.0 | ||
| 008 | 060203s2007 pauaf b 001 0 eng | ||
| 020 | _a1405105003 | ||
| 020 | _a9781405105002 | ||
| 050 | 1 | 0 |
_aRC59 _b.Y68 2007 |
| 082 | 0 | 0 |
_a616.0076 _222 |
| 100 | 1 | _aYoung, Vincent B. | |
| 245 | 1 | 0 |
_aBlueprints medicine / _cVincent B. Young, William A. Kormos, Davoren A. Chick ; senior faculty advisor, Allan H. Goroll. |
| 250 | _a4th ed. | ||
| 260 |
_aPhiladelphia : _bLippincott Williams & Wilkins, _cc2007. |
||
| 300 |
_axi, 403 p., [6] p. of plates : _bill. (some col.) ; _c26 cm. |
||
| 440 | 0 | _aBlueprints | |
| 500 | _aRev ed. of: Blueprints medicine / Vincent B. Young, William A. Kormos. c2004. | ||
| 650 | 0 |
_aInternal medicine _vOutlines, syllabi, etc. |
|
| 650 | 1 | 2 |
_aInternal Medicine _vExamination Questions. |
| 700 | 1 | _aKormos, William A. | |
| 700 | 1 | _aChick, Davoren A. | |
| 700 | 1 | _aGoroll, Allan H. | |
| 856 | 4 | 1 |
_3Table of contents _uhttp://www.loc.gov/catdir/toc/ecip068/2006004035.html |
| 856 | 4 | 2 |
_3Publisher description _uhttp://www.loc.gov/catdir/enhancements/fy0712/2006004035-d.html |
| 942 |
_2lcc _cBK _e4th ed. _n0 |
||
| 999 |
_c3254 _d3254 |
||